Liste de 50 écrivaines - Statistiques

Statistiques générales
  • Ce quiz a été pris 60 fois
  • Le résultat moyen est 18 sur 50
Statistiques - réponses
Livre Autrice % Correct
Le Crime de l'Orient-Express Agatha Christie
89%
Le Deuxième Sexe Simone de Beauvoir
87%
Bonjour Tristesse Françoise Sagan
82%
La Mare au Diable George Sand
82%
Harry Potter à l'école des sorciers JK Rowling
82%
Orgueil et Préjugés Jane Austen
80%
L'Amant Marguerite Duras
76%
Mémoires d'Hadrien Marguerite Yourcenar
76%
Les Malheurs de Sophie Comtesse de Ségur
71%
Jane Eyre Charlotte Brontë
69%
Les Hauts de Hurlevent Emily Brontë
69%
Journal (1942-1944) Anne Frank
67%
La Princesse de Clèves Madame de la Fayette
64%
Déclaration des droits de la femme et de la citoyenne Olympe de Gouges
62%
Frankenstein ou le Prométhée moderne Mary Shelley
60%
Vernon Subutex Virginie Despentes
58%
Ne tirez pas sur l'oiseau moqueur Harper Lee
47%
La Servante écarlate Margaret Atwood
40%
Autant en emporte le vent Margaret Mitchell
40%
Une chambre à soi Virginia Woolf
40%
Rebecca Daphne du Maurier
38%
L'Amie Prodigieuse Elena Ferrante
38%
Lettres à la comtesse de Grignan Madame de Sévigné
38%
Le Club des Cinq et le trésor de l'île Enid Blyton
36%
Corinne ou l'Italie Germaine de Staël
36%
La Place Annie Ernaux
31%
La Vagabonde Colette
29%
Les Quatre Filles du docteur March Louisa May Alcott
27%
La Cité des dames Christine de Pizan
22%
Pour un oui ou pour un non Nathalie Sarraute
20%
Fifi Brindacier Astrid Lindgren
18%
Pierre Lapin Beatrix Potter
18%
La Case de l'Oncle Tom Harriet Beecher Stowe
18%
Heptaméron Marguerite de Navarre
18%
La Grève Ayn Rand
16%
La Maison aux esprits Isabel Allende
13%
La Jeune Fille à la perle Tracy Chevalier
13%
Le Passeur Lois Lowry
11%
Middlemarch George Eliot
9%
Anne… la maison aux pignons verts Lucy Maud Montgomery
9%
Élégies et poésies nouvelles Marceline Desbordes-Valmore
9%
La Couleur Pourpre Alice Walker
7%
Journal Anaïs Nin
7%
Roses à crédit Elsa Triolet
7%
Je sais pourquoi chante l'oiseau en cage Maya Angelou
7%
Moi, Tituba, sorcière... Maryse Condé
4%
La Cloche de détresse Sylvia Plath
4%
La licorne noire Audre Lorde
2%
Because I could not stop for Death Emily Dickinson
2%
La Fabuleuse Histoire de Jenny B. Jacqueline Wilson
0%
Aucun quiz correspondant
Distribution des résultats
% des personnes avec chaque résultat
Percentile par nombre de réponses
Votre historique - résultats
Vous n’avez pas pris ce quiz